000 00719cas a22002415a 4500
001 ##L98934
008 070703c1993 xxkmr p 0 a0eng
022 1 _a0969-8213
035 _a(Sirsi) u98934
041 0 _aeng
110 2 _aAssociation of Building Engineers
_91804
245 0 0 _aBuilding Engineer
260 _aNorthampton
_bAssociation of Building Engineers
_c1993-
362 1 _aLondon: 68(3) April 1993-90(6) June 2019
362 0 _aEdinburgh: January/February 1999-2019
500 _aSubscription ceased
510 2 _aKnowledge Alert
_c2006-
651 4 _aUnited Kingdom
690 _aBUILT ENVIRONMENT
780 0 0 _tArchitect and Surveyor
_x0308-8596
942 _n0
_2ddc
948 _c04/02/1994
999 _c118591
_d118591